Anexión y Restauración de la República (Ideas, mentalidades e Instituciones) (Record no. 7571)

MARC details
000 -LEADER
campo de control de longitud fija 00422nam a2200145Ia 4500
001 - NÚMERO DE CONTROL
campo de control 2190
008 - DATOS DE LONGITUD FIJA--INFORMACIÓN GENERAL
campo de control de longitud fija 241024s9999 xx 000 0 und d
020 ## - NÚMERO INTERNACIONAL ESTÁNDAR DEL LIBRO
Número Internacional Estándar del Libro 978-9945-427-33-2
082 ## - NÚMERO DE LA CLASIFICACIÓN DECIMAL DEWEY
Número de clasificación RD/972.9304/P438a/2
100 ## - ENTRADA PRINCIPAL--NOMBRE DE PERSONA
Nombre de persona Fernando Pérez Memén
245 #0 - MENCIÓN DEL TÍTULO
Título Anexión y Restauración de la República (Ideas, mentalidades e Instituciones)
260 ## - PUBLICACIÓN, DISTRIBUCIÓN, ETC.
Nombre del editor, distribuidor, etc. Ed. Nacional
Fecha de publicación, distribución, etc. 2008
901 ## - ELEMENTOS DE DATOS A LOCAL LDA (RLIN)
a 9/3/2012 1:45:54 p.m.

No items available.

© 2024. Todos los Derechos Reservados. Desarrollado por IDEICE